Statistics for Footballers by Career - Aston Villa

Click here to take the quiz!

General Stats

  • This quiz has been taken 41 times
  • The average score is 6 of 10

Answer Stats

Player% Correct
Brad Friedel
87%
Gareth Barry
77%
Gareth Southgate
77%
Mark Bosnich
67%
Stiliyan Petrov
67%
Olof Mellberg
56%
John Carew
54%
Juan Pablo Ángel
49%
Thomas Hitzlsperger
46%
Savo Milošević
38%

Score Distribution

Percentile by Number Answered

Percent of People with Each Score

Your Score History

You have not taken this quiz